3 Things: '80s Edition Quiz Stats

Quiz Updated Dec 16, 2017

Challenge
Share
Tweet
Embed
Score 0/36 Timer 06:00
3 Plays Today
% Correct
Rocky Balboa
95.2%
The Breakfast Club
94.7%
John Rambo
94.6%
When Doves Cry
93.3%
Acid Washed Jeans
93.2%
Parachute Pants
92%
Family Ties
91.5%
Members Only Jacket
91.1%
Sixteen Candles
90.6%
Drew Barrymore
89.9%
Let's Go Crazy
89.8%
Take Me With U
87.1%
ALF
86.6%
Eddie Murphy
85.4%
Weird Science
84.1%
Skeletor
82.7%
River Phoenix
82.7%
Night Court
81%
% Correct
Sean Astin
79.4%
Beast Man
79.3%
Dig Dug
78.6%
Phil Hartman
78.3%
Ray Tango
75.8%
Julia Louis-Dreyfus
74.2%
Karate Champ
69.2%
Lita Ford
67.8%
Nina Blackwood
65.7%
Deaf Geoff
63.5%
Martha Quinn
63%
Gorf
60.8%
Janet Gardner
59.8%
J.J. Jackson
59.4%
Wendy O. Williams
58.5%
Adam Bomb
58.2%
Max Axe
54.5%
Man-E-Faces
53.9%

You're not logged in!

Compare scores with friends on all Sporcle quizzes.
Join for Free
OR
Log In

You Might Also Like...

Show Comments

Extras

Top Quizzes Today


Score Distribution

Your Account Isn't Verified!

In order to create a playlist on Sporcle, you need to verify the email address you used during registration. Go to your Sporcle Settings to finish the process.

Report this User

Report this user for behavior that violates our Community Guidelines.

Details: